Líneas y criterios jurisprudenciales de la sala de lo civil/ (Registro nro. 9838)

Detalles MARC
000 -LEADER
fixed length control field 00712nam a2200181Ia 4500
005 - FECHA Y HORA DE LA ÚLTIMA TRANSACCIÓN
control field 20231023162813.0
008 - FIXED-LENGTH DATA ELEMENTS--GENERAL INFORMATION
fixed length control field 231020s9999 xx 000 0 und d
040 ## - CATALOGING SOURCE
Original cataloging agency UPAN
Transcribing agency Biblioteca San Vicente
Description conventions RCAA2
041 ## - LANGUAGE CODE
Language code of text/sound track or separate title spa
082 ## - DEWEY DECIMAL CLASSIFICATION NUMBER
Classification number 346.728 4
Item number M573l
año de publicación 2003
110 ## - MAIN ENTRY--CORPORATE NAME
Corporate name or jurisdiction name as entry element Corte Suprema de Justicia
Relator code aut.
245 #0 - TITLE STATEMENT
Title Líneas y criterios jurisprudenciales de la sala de lo civil/
Statement of responsibility, etc Corte Suprema de Justicia
260 ## - PUBLICATION, DISTRIBUTION, ETC. (IMPRINT)
Place of publication, distribution, etc El Salvador:
Name of publisher, distributor, etc CSJ,
Date of publication, distribution, etc 2003
300 ## - PHYSICAL DESCRIPTION
Extent 103 p.;
Dimensions 22 cm.
505 ## - FORMATTED CONTENTS NOTE
Formatted contents note I. Materia Laboral, II. Materia Civil, III. Materia Procesal Civil, IV. Mteria Mercantil, V. Materia de Familia, VI. Materia Procesal de Familia
650 ## - SUBJECT ADDED ENTRY--TOPICAL TERM
Source of heading or term LEMB
Topical term or geographic name as entry element Derecho Civil
Geographic subdivision El Salvador
942 ## - ADDED ENTRY ELEMENTS (KOHA)
Koha item type Libros
Source of classification or shelving scheme Dewey Decimal Classification
Existencias
Withdrawn status Lost status Source of classification or shelving scheme Damaged status Not for loan Collection code Home library Current library Date acquired Total Checkouts Full call number Barcode Date last seen Copy number Price effective from Koha item type
    Dewey Decimal Classification     Referencia Biblioteca UPAN San Vicente Biblioteca UPAN San Vicente 20/10/2023   346.728 4 M573l 12000875 20/10/2023 01 20/10/2023 Referencia